000 01211nam a22002897a 4500
003 OSt
005 20260305062740.0
008 260305b |||||||| |||| 00| 0 eng d
040 _bEnglish.
_cCvSU-CCAT Campus Library.
_erda.
050 _aUM HD 62.7
_bH47 2024
100 _aHerrera, Ryordan P., author.
_918849
245 _aCup of yummyness food stall : an enterprise development project /
_cRyordan P. Herrera, Sandra S. Pallera, Mila Andrea S. Patacsil.
260 _aRosario, Cavite :
_bCavite State University-CCAT Campus,
_c2024.
300 _axiv, 74 leaves :
_billustrations ;
_c28 cm
500 _aEnterprise Development Project (BSBA)--Cavite State University-CCAT Campus, 2024.
504 _aIncludes bibliographical references and appendices.
546 _aIn English text
650 _aSmall business
_9529
650 0 _aEntrepreneurship
_9136
650 _aFood services management
_918806
650 _aMarketing -- Management
_98784
650 _aStreet food industry
_918850
700 _aPallera, Sandra S., author.
_918871
700 _aPatacsil, Mila Andrea S., author.
_918872
942 _2lcc
_cT/M/D
_hHD 62.7 H47 2024
_kUM
999 _c4783
_d4783